De sacra-mente (Record no. 195836)

MARC details
000 -LEADER
campo de control de longitud fija 01313nam a22003255a 4500
001 - NÚMERO DE CONTROL
campo de control 195836
003 - IDENTIFICADOR DE NÚMERO DE CONTROL
campo de control ES-MaREB
005 - FECHA Y HORA DE LA ÚLTIMA TRANSACCIÓN
campo de control 20250309063128.0
008 - DATOS DE LONGITUD FIJA--INFORMACIÓN GENERAL
campo de control de longitud fija 240721s2004 espa c 000 0 spa d
017 ## - NÚMERO DE COPYRIGHT O DE DEPÓSITO LEGAL
Número de copyright o de depósito legal AS 1708-2004
035 ## - NÚMERO DE CONTROL DEL SISTEMA
Número de control de sistema ES-MaREB00645067-3
040 ## - FUENTE DE CATALOGACIÓN
Centro catalogador/agencia de origen BP-ZA
Lengua de catalogación spa
Centro/agencia transcriptor ES-MaACL
080 ## - NÚMERO DE LA CLASIFICACIÓN DECIMAL UNIVERSAL
Número de la Clasificación Decimal Universal 73 Velasco, Javier (064)
100 ## - ENTRADA PRINCIPAL--NOMBRE DE PERSONA
Nombre de persona Velasco Galera, Javier
9 (RLIN) 237578
245 10 - MENCIÓN DEL TÍTULO
Título De sacra-mente
Resto del título : [exposición] : del 16 de abril al 23 de mayo, 2004, Museo Barjola, Gijón /
Mención de responsabilidad, etc. Javier Velasco ; texto, Juan-Ramón Barbancho ; traducción, Juan Manuel Diez Piña.
260 ## - PUBLICACIÓN, DISTRIBUCIÓN, ETC.
Lugar de publicación, distribución, etc. Oviedo :
Nombre del editor, distribuidor, etc. Servicio de Publicaciones del Principado de Asturias,
Fecha de publicación, distribución, etc. D.L. 2004.
300 ## - DESCRIPCIÓN FÍSICA
Extensión 58 p., [1] h. :
Otras características físicas principalmente lám. col. ;
Dimensiones 23 cm.
336 ## - TIPO DE CONTENIDO
Fuente rdacontent
Término de tipo de contenido texto
337 ## - TIPO DE MEDIO
Fuente rdamedia
Nombre/término del tipo de medio sin mediación
338 ## - TIPO DE SOPORTE
Fuente rdacarrier
Nombre/término del tipo de soporte volumen
500 ## - NOTA GENERAL
Nota general Texto en español e inglés.
504 ## - NOTA DE BIBLIOGRAFÍA, ETC.
Nota de bibliografía, etc. Bibliografía: p. 58.
600 #0 - PUNTO DE ACCESO ADICIONAL DE MATERIA--NOMBRE DE PERSONA
Nombre de persona Velasco Galera, Javier
9 (RLIN) 237578
655 #7 - TERMINO DE INDIZACIÓN--GENERO/FORMA
Fuente del término tgfbne
9 (RLIN) 193628
Datos o término principal de género/forma Catálogos de exposiciones
852 ## - LOCALIZACIÓN
Ubicación ES-MaACL
Ubicación en estantería Depósito J
Número de control de estantería N-8850
Encuadernación Encuadernación: rústica con solapas
itemnumber 204699
942 ## - ELEMENTOS DE ENTRADA SECUNDARIOS (KOHA)
Fuente del sistema de clasificación o colocación Clasificación decimal universal
Tipo de ítem Koha Libro impreso
Suprimir en OPAC No
954 ## - CATALOGADORES
Estado de la copia Tatiana Alejandra de Castro Pérez
Holdings
Estatus retirado Estado de pérdida Fuente del sistema de clasificación o colocación Estado de daño No para préstamo Biblioteca de origen Biblioteca actual Ubicación en estantería Fecha de adquisición Fuente de adquisición Total de préstamos Signatura topográfica completa Código de barras Visto por última vez Precio de reemplazo Tipo de ítem Koha
    Clasificación decimal universal     Biblioteca del Ateneo de Madrid Biblioteca del Ateneo de Madrid Depósito J 07/03/2025 Donación   N-8850 101229599 07/03/2025 07/03/2025 Libro impreso